Central Library OPAC University of Rajshahi

The territories and states of India / (Record no. 58176)

MARC details
000 -LEADER
fixed length control field 00818nam a2200265 a 4500
001 - CONTROL NUMBER
control field 58176
003 - CONTROL NUMBER IDENTIFIER
rucl marc code BD-RjUL
005 - DATE AND TIME OF LATEST TRANSACTION
control field 20211209080608.0
008 - FIXED-LENGTH DATA ELEMENTS--GENERAL INFORMATION
fixed length control field 161217s2002 enkb 001 0 eng
020 ## - INTERNATIONAL STANDARD BOOK NUMBER
International Standard Book Number 1857431480
035 ## - SYSTEM CONTROL NUMBER
System control number (BD-RjUL)58300
040 ## - CATALOGING SOURCE
Original cataloging agency UKM
Transcribing agency UKM
Modifying agency BD-RjUL
Language of cataloging eng
041 ## - LANGUAGE CODE
Language code of text/sound track or separate title eng
082 04 - DEWEY DECIMAL CLASSIFICATION NUMBER
Classification number 320.12954
Edition number 23
Author mark and year TER 2002
245 04 - TITLE STATEMENT
Title The territories and states of India /
Statement of responsibility, etc. [editors, Tara Boland-Crewe, David Lea]
260 ## - PUBLICATION, DISTRIBUTION, ETC. (IMPRINT)
Place of publication, distribution, etc. London :
Name of publisher, distributor, etc. Europa,
Date of publication, distribution, etc. 2002.
300 ## - PHYSICAL DESCRIPTION
Pagination ix, 308 p. :
Illustrations maps ;
Size 25 cm.
500 ## - GENERAL NOTE
General note Includes index.
651 #0 - SUBJECT ADDED ENTRY--GEOGRAPHIC NAME
Geographic name India
General subdivision Territories and possessions.
9 (RLIN) 172811
Geographic name India
General subdivision Territories and possessions
-- History.
9 (RLIN) 172812
700 1# - ADDED ENTRY--PERSONAL NAME
Personal name Boland-Crewe, Tara.
Personal name Lea, David,
Dates associated with a name 1972-
942 ## - ADDED ENTRY ELEMENTS (KOHA)
Source of classification or shelving scheme Dewey Decimal Classification
Koha item type Books
Holdings
Lost status Source of classification or shelving scheme Damaged status Not for loan Collection code Permanent Location Current Location Shelving location Date acquired Source of acquisition Cost, normal purchase price Total Checkouts Full call number Date last seen Copy number Koha item type
  Dewey Decimal Classification   Not For Loan Non-fiction Central Library, University of Rajshahi Central Library, University of Rajshahi Reading Room 13/04/2006 dhaka, paragon Enterprice ltd. 120.00   320.12954 TER 2002 17/12/2016 C-1 Books